|
|
|
|
| LEADER |
00000cam a22000004a 4500 |
| 001 |
musev2_70577 |
| 003 |
MdBmJHUP |
| 005 |
20230905051258.0 |
| 006 |
m o d |
| 007 |
cr||||||||nn|n |
| 008 |
120202s2012 ncu o 00 0 eng d |
| 020 |
|
|
|a 9780822394273
|
| 020 |
|
|
|z 9780822350378
|
| 020 |
|
|
|z 9780822350200
|
| 035 |
|
|
|a (OCoLC)774917925
|
| 040 |
|
|
|a MdBmJHUP
|c MdBmJHUP
|
| 100 |
1 |
|
|a Coffey, Mary K.,
|d 1968-
|e author.
|
| 245 |
1 |
0 |
|a How a Revolutionary Art Became Official Culture :
|b Murals, Museums, and the Mexican State /
|c Mary K. Coffey.
|
| 264 |
|
1 |
|a Durham :
|b Duke University Press,
|c 2012.
|
| 264 |
|
3 |
|a Baltimore, Md. :
|b Project MUSE,
|c 2020
|
| 264 |
|
4 |
|c ©2012.
|
| 300 |
|
|
|a 1 online resource (248 pages):
|b illustrations (some color), maps
|
| 336 |
|
|
|a text
|b txt
|2 rdacontent
|
| 337 |
|
|
|a computer
|b c
|2 rdamedia
|
| 338 |
|
|
|a online resource
|b cr
|2 rdacarrier
|
| 505 |
0 |
|
|a A palace for the people -- A patriotic sanctuary -- The womb of the patria.
|
| 520 |
|
|
|a This is a study of the reciprocal relationship between Mexican muralism and the three major Mexican museums-the Palace of Fine Arts, the National History Museum, and the National Anthropology Museum.
|
| 588 |
|
|
|a Description based on print version record.
|
| 650 |
|
7 |
|a Mural painting and decoration
|x Political aspects.
|2 fast
|0 (OCoLC)fst01029571
|
| 650 |
|
7 |
|a Mural painting and decoration, Mexican.
|2 fast
|0 (OCoLC)fst01029701
|
| 650 |
|
7 |
|a Art and revolutions.
|2 fast
|0 (OCoLC)fst00815428
|
| 650 |
|
7 |
|a ART
|x History
|x Modern (late 19th Century to 1945)
|2 bisacsh
|
| 650 |
|
7 |
|a ART
|x Graffiti & Street Art.
|2 bisacsh
|
| 650 |
|
6 |
|a Art et revolutions
|z Mexique.
|
| 650 |
|
0 |
|a Art and revolutions
|z Mexico.
|
| 650 |
|
0 |
|a Mural painting and decoration
|x Political aspects
|z Mexico.
|
| 650 |
|
0 |
|a Mural painting and decoration, Mexican
|y 20th century.
|
| 651 |
|
7 |
|a Mexico.
|2 fast
|0 (OCoLC)fst01211700
|
| 655 |
|
7 |
|a Electronic books.
|2 local
|
| 710 |
2 |
|
|a Project Muse.
|e distributor
|
| 830 |
|
0 |
|a Book collections on Project MUSE.
|
| 856 |
4 |
0 |
|z Texto completo
|u https://projectmuse.uam.elogim.com/book/70577/
|
| 945 |
|
|
|a Project MUSE - Custom Collection
|